Inspiring moments : (Record no. 1260)

000 -LEADER
fixed length control field nam a22 a 4500
003 - CONTROL NUMBER IDENTIFIER
control field AKMAL
005 - DATE AND TIME OF LATEST TRANSACTION
control field 20170509115816.0
008 - FIXED-LENGTH DATA ELEMENTS--GENERAL INFORMATION
fixed length control field 170509s2002 my e 00 eng d
020 ## - INTERNATIONAL STANDARD BOOK NUMBER
International Standard Book Number 9834070012 (pbk.):
Terms of availability RM15.00
040 ## - CATALOGING SOURCE
Original cataloging agency AKMAL
082 04 - DEWEY DECIMAL CLASSIFICATION NUMBER
Classification number 302.14 INS
Edition number 21
090 00 - LOCALLY ASSIGNED LC-TYPE CALL NUMBER (OCLC); LOCAL CALL NUMBER (RLIN)
Classification number (OCLC) (R) ; Classification number, CALL (RLIN) (NR) 302.14
Local cutter number (OCLC) ; Book number/undivided call number, CALL (RLIN) INS
245 00 - TITLE STATEMENT
Title Inspiring moments :
Remainder of title The anthology of Glimpses by Mass Communcations students- class of 2001
260 ## - PUBLICATION, DISTRIBUTION, ETC.
Place of publication, distribution, etc. Petaling Jaya :
Name of publisher, distributor, etc. Limkokwing Institut of Creative Technology,
Date of publication, distribution, etc. 2002
300 00 - PHYSICAL DESCRIPTION
Extent 139p. :
Other physical details ill. ;
Dimensions 15x15cm
600 00 - SUBJECT ADDED ENTRY--PERSONAL NAME
Personal name Lim Kok Wing
General subdivision Philosophy
9 (RLIN) 2500
650 #0 - SUBJECT ADDED ENTRY--TOPICAL TERM
Topical term or geographic name entry element Successful people
Geographic subdivision Malaysia
9 (RLIN) 2501
942 ## - ADDED ENTRY ELEMENTS (KOHA)
Source of classification or shelving scheme
Koha item type Book
Holdings
Withdrawn status Lost status Source of classification or shelving scheme Damaged status Not for loan Collection code Home library Current library Shelving location Date acquired Inventory number Total Checkouts Full call number Barcode Date last seen Price effective from Koha item type
          NON-FICTION AKMAL Melaka AKMAL Melaka PINJAMAN 09.05.2017 304238   302.14 INS 201702672 09.05.2017 09.05.2017 Book
          NON-FICTION AKMAL Melaka AKMAL Melaka PINJAMAN 09.05.2017 304237   302.14 INS 201702671 09.05.2017 09.05.2017 Book
          NON-FICTION AKMAL Melaka AKMAL Melaka PINJAMAN 09.05.2017 304174   302.14 INS 201703270 18.05.2017 09.05.2017 Book
Pusat Sumber Maklumat Dato' Haji Sarmin Md Hussin, Akademi Kastam Diraja Malaysia, Melaka
Tel: 06-2331106 | Faks: 06-2313787